000 00327 a2200133 4500
005 20250623085200.0
020 _a9971-51-370-6
082 _aLM 530 RES
100 _aRESNICK, R.
245 _aPhysics
300 _axiv, 604p.: figure, picture, table,
_bIndex
_c28cm.
700 _aHALLIDAY, D. & KRANE, K. S.
942 _2ddc
_cBKS
999 _c2939
_d2939